Loading...
| Science - Chemistry | 0 | 5 | 1 | 2 | 45 | 75 | 107.40 | 1 | 1 |
| History - Other | 0 | 2 | 0 | 1 | 20 | 68 | 101.00 | 0 | 1 |
| Science - Physics | 0 | 3 | 2 | 0 | 20 | 76 | 81.00 | 0 | 0 |
| Art - Visual | 0 | 1 | 0 | 0 | 10 | 81 | 81.00 | 1 | 1 |
| History - European | 0 | 1 | 0 | 0 | 10 | 140 | 140.00 | 0 | 0 |
| History - World | 0 | 1 | 0 | 0 | 10 | 133 | 133.00 | 0 | 0 |
| Literature - American any | 0 | 1 | 0 | 0 | 10 | 88 | 88.00 | 0 | 0 |
| Religion - Christianity/Judaism | 0 | 1 | 0 | 0 | 10 | 88 | 88.00 | 0 | 1 |
| Science - Astronomy | 0 | 1 | 0 | 1 | 10 | 124 | 124.00 | 0 | 0 |
| Science - Compsci | 0 | 1 | 0 | 0 | 10 | 117 | 117.00 | 0 | 0 |
| Science - Earth | 0 | 1 | 0 | 0 | 10 | 135 | 135.00 | 0 | 0 |
| History - American | 0 | 1 | 1 | 0 | 5 | 97 | 97.00 | 0 | 0 |
| Science - Biology | 0 | 1 | 1 | 1 | 5 | 130 | 130.00 | 0 | 0 |
| Science - Other | 0 | 0 | 0 | 0 | 0 | 0.00 | 0 | 0 | |
| Current Events/Modern World - Rest of world political | 0 | 0 | 1 | 0 | -5 | 0.00 | 0 | 0 | |
| Current Events/Modern World - Mixed/Any | 0 | 0 | 1 | 0 | -5 | 0.00 | 0 | 0 | |
| Other Academic/Cross-Category - Any | 0 | 0 | 1 | 0 | -5 | 0.00 | 0 | 0 | |
| Philosophy - 20th century | 0 | 0 | 2 | 0 | -10 | 0.00 | 0 | 0 |